Historia y novela en Valle Inclán: para leer El ruedo iberico

Gorde:
Xehetasun bibliografikoak
Egile nagusia: Schiavo, Leda (Egilea)
Formatua: Liburua
Hizkuntza:gaztelania
Argitaratua: Madrid Castalia 1980
Saila:Literatura y Sociedad
Gaiak:
Etiketak: Etiketa erantsi
Etiketarik gabe, Izan zaitez lehena erregistro honi etiketa jartzen!

MARC

LEADER 00000nam a2200000 a 4500
001 UCT6758
003 CL-VaPUC
008 970113e19800000SP |||||||||||||||||spa|d
082 0 4 |a 863.09  |b SCH  |2 21 
100 0 |a Schiavo, Leda  |e author  |9 376995 
245 1 0 |a Historia y novela en Valle Inclán: para leer El ruedo iberico 
300 |a 386 p 
942 |c BK 
945 |d 19970113 00:00:00  |a nastorga 
260 |a Madrid  |b Castalia  |c 1980 
600 0 7 |a VALLE INCLAN, RAMON DEL  |2 CL-VaPUC  |9 315482 
650 7 |a NOVELA ESPAÑOLA  |2 CL-VaPUC  |9 313139 
650 0 |a Historia y crítica   |9 257407 
650 0 |a Literatura española  |9 306261 
650 0 |a Liberalismo  |9 255715 
650 0 |a Ideologías  |9 255200 
650 0 |a Personajes  |9 329683 
583 |a last modification  |c 19970113 00:00:00  |k Rodrigo Vera 
490 0 |a Literatura y Sociedad 
999 |c 255434  |d 255432 
952 |0 0  |1 0  |4 0  |6 863_090000000000000_SCH_1980  |7 0  |8 A  |9 277665  |a BIBEDU  |b BIBEDU  |d 2019-11-19  |i 3273423  |o 863.09 SCH 1980  |p 3273423  |r 2019-11-19  |w 2019-11-19  |y BK  |k LIT